| 000 | 00468nam a2200133 4500 | ||
|---|---|---|---|
| 020 | _a978-970-104615-9, 970-10-4615-3 | ||
| 050 | _aHF5387 G379 2004 | ||
| 082 | _a658.406 G37v 2004 | ||
| 100 | _aGarza Treviño, Juan Gerardo | ||
| 245 | _aValores para el ejercicio profesional Guías did cticas / Juan Gerardo Garza Treviño | ||
| 260 | _aMéxico : Mcgraw- Hill | ||
| 300 | _axx, 390 p. / 27 cm. | ||
| 650 | _a1. ETICA PROFESIONAL \ 2. VALORES ( FILOSOFIA ) \ 3. ETICA | ||
| 999 |
_c24266 _d24266 |
||